000 00264nam a2200097Ia 4500
001 1162523
005 20250827011645.0
008 250824s9999 xx 000 0 und d
245 0 _aHİÇBİR ŞEYDEN HER ŞEY MÜMKÜNDÜR
_cMİNE ÖLMEZ
260 _bDESTEK YAYINLARI
999 _c1162523
_d1162523